Pius XII i Polska w latach 1939 - 1945

Titel: Pius XII i Polska w latach 1939 - 1945 / na podstawie dokumentów opracowa ł Władysław Facchinetti Jelonek
Verfasser:
Ausgabe: Wyd. 2., uzupełn.
Veröffentlicht: Londyn : Veritas, 1975
Umfang: 30 S.
Format: Buch
Sprache: Polnisch
Kein Bild verfügbar
X
Lokale Klassifikation: 2 P 901 ; 32 11 D
alg: 4010253
001A    $03004:15-11-95 
001B    $01999:09-05-21 $t20:38:53.000 
001C    $03004:19-11-13 $t12:11:16.000 
001D    $09999:99-99-99 
001U    $0utf8 
001X    $00 
002@    $0Aau 
003@    $004010253X 
003O    $005208750 $aOCoLC 
007A    $004010253X $aHEB 
007T    $0Herdhh04010253X 
010@    $apol 
011@    $a1975 
013H    $0z 
015@    $0Z 
021A    $aPius XII i Polska w latach 1939 - 1945 $hna podstawie dokumentów opracowa ł Władysław Facchinetti Jelonek 
028A    $#Jelonek, Władysław F.- $7 $8Facchinetti Jelonek, Władysław [Tnx] $9164905766 
032@    $aWyd. 2., uzupełn. 
033A    $pLondyn $nVeritas 
034D    $a30 S. 
045F    $a200.9438 $eDDC23BSB 
045F/01 $a200.9 
045F/03 $g438 

lok: 4010253 24
101B    $003-12-02 $t12:24:19.136 
101C    $015-11-95 
145Z/01 $a2 P 901 
145Z/02 $a32 11 D 
101U    $0utf8 

exp: 4010253 24 1 #EPN
201B/01 $019-11-13 $t12:11:16.000 
201C/01 $015-11-95 
201U/01 $0utf8 
203@/01 $0090302443 
208@/01 $a15-11-95 $bz 
209A/01 $aS 13521 $du $f050 $hS 13521 $x00 
209C/01 $aK 76.3397 $h76 3397 K 
209G/01 $a73388031 $x00 
244Z/01 $#Pius XII, Pope $#Pacelli, Eugen $#Pacelli, Eugenio $#P. Pacifius $#Pacelli, Eugenio M. $#Pacelli, Eugenio Maria Giuseppe Giovanni $#Pie  XII. $#Pius  XII. $#Pius  XII. $#Pius  XII $#Pius  XII $#Pius  XII $#Pie  XII $#Pio  XII $#Pio  XII $#Pius  XII $#Pius  12 $#Papst Pius XII. $#Pie  XII $#Pio  XII $#Pius  12 $#Pius  $#Pie  XII $#Pio  XII $#Pius  12 $#Pius, XII Papa $#Pio  $#Pie  $7118594753 $8--Tp1--$PPius$nXII.$lPapst$Z1876-1958 $x01 $9086935739 
247C/01 $8358050-7 Marburg, Bibliothek des Herder-Instituts Marburg $9102600961 

lok: 4010253 25

exp: 4010253 25 1 #EPN
201B/01 $030-12-25 $t11:28:35.000 
201C/01 $014-04-03 
201U/01 $0utf8 
203@/01 $0182888657 
208@/01 $a14-04-03 $br 
209A/01 $aMg 2107 $dd $f092 $x00 
209C/01 $a22051/77 
209G/01 $a70913119 $x00 
209G/01 $aOsteuropäische Geschichte $x01 
247C/01 $8651092-9 <77/092>Mainz, Universität Mainz, Bereichsbibliothek Philosophicum, Standort Osteuropäische Geschichte $9102600414 

lok: 4010253 78

exp: 4010253 78 1 #EPN
201B/01 $019-04-17 $t17:54:50.000 
201U/01 $0utf8 
203@/01 $0794297994 
208@/01 $a12-11-16 $be 
209A/01 $a/ $f000 $x00 
237A/01 $aweiterführende Signatur(en): Herder-Institut: S 13521 
244Z/01 $2Trx $#Poola $#Lenkija $#Polija $#Polen Land $#Poland $#Lengyelország $#Poľsko $#Polsko $8--Trx--Polska$gkraj $x01 $9391345966 
244Z/01 $2Trx $#Pacelli, Eugenio $8--Trx--$PPius XII.$Z1876-1958 $x02 $9391077732 
244Z/01 $2Trx $8--Trx--Monographie $x03 $9391384546 
245Z/01 $a10.02.02.01 $x01 
247C/01 $82080>Marburg/Lahn, Herder-Institut, Forschungsbibliothek, Bibliographieportal $9336309341
LEADER 00000cam a2200000 c 4500
001 04010253X
003 DE-603
005 20210509203853.0
007 tu
008 951115s1975 xx |||| | u00||u|pol c
035 |a (DE-599)HEB04010253X 
035 |a (OCoLC)05208750 
040 |a DE-603  |b ger  |c DE-603  |d DE-603 
041 |a pol 
082 0 4 |8 1\u  |a 200.9438  |q DE-101  |2 23/BSB 
085 |8 1\u  |b 200.9 
085 |8 1\u  |z 2  |s 438 
100 1 |a Facchinetti Jelonek, Władysław  |0 (DE-603)164905766 
245 0 0 |a Pius XII i Polska w latach 1939 - 1945  |c na podstawie dokumentów opracowa ł Władysław Facchinetti Jelonek 
250 |a Wyd. 2., uzupełn. 
264 1 |a Londyn  |b Veritas  |c 1975 
300 |a 30 S. 
924 0 |9 Mb 50  |a (DE-603)090302443  |b DE-Mb50  |c HES  |d c  |g S 13521 
924 0 |9 77/092  |a (DE-603)182888657  |b DE-77-092  |c HES  |d d  |g Mg 2107 
924 0 |9 2080  |a (DE-603)794297994  |b DE-2080  |c HES  |d d  |g /